Demographic transition and the aged population in Kerala (Record no. 12453)

MARC details
000 -LEADER
fixed length control field 00505nam a2200169Ia 4500
082 ## - DEWEY DECIMAL CLASSIFICATION NUMBER
Classification number TU.0040
100 ## - MAIN ENTRY--AUTHOR NAME
Personal name Uma P.
245 #0 - TITLE STATEMENT
Title Demographic transition and the aged population in Kerala
260 ## - PUBLICATION, DISTRIBUTION, ETC. (IMPRINT)
Year of publication 2011
Name of publisher University of Calicut, Thrissur
300 ## - PHYSICAL DESCRIPTION
Number of Pages 279
504 ## - BIBLIOGRAPHY, ETC. NOTE
Bibliography, etc includes appendix and bibliography
650 ## - SUBJECT ADDED ENTRY--TOPICAL TERM
Topical Term Demographic transition
Geographic subdivision India
-- Kerala
650 ## - SUBJECT ADDED ENTRY--TOPICAL TERM
Topical Term Aged
Geographic subdivision India
-- Kerala
650 ## - SUBJECT ADDED ENTRY--TOPICAL TERM
Topical Term Aged
Form subdivision Government policy
Geographic subdivision India
-- Kerala
710 ## - ADDED ENTRY--CORPORATE NAME
Corporate name or jurisdiction name as entry element Lakshmy Devi, K. R.
942 ## - ADDED ENTRY ELEMENTS (KOHA)
Koha item type Thesis
Source of classification or shelving scheme Dewey Decimal Classification
Holdings
Withdrawn status Lost status Damaged status Not for loan Home library Current library Date acquired Source of acquisition Bill Date Full call number Accession Number Price effective from Koha item type
        NASSDOC Library NASSDOC Library 05/07/2012 Gifted by : Ranga Reddy, A. 2012-06-28 TU.0040 47718 18/04/2019 Thesis